00725cam a2200217 a 45000010005000000030008000050050017000130080039000300200043000690200041001120350018001530400032001710410008002030820024002111000028002352450074002632600041003373000034003785040066004126500029004787470BD-RjUL20211208234423.0140115s1995 nyua b 001 0 eng a0387943609 (New York : acidfree paper) a3540943609 (Berlin : acidfree paper) a(BD-RjUL)7513 aDLCcDLCdDLCdBD-RjULbeng aeng00a519.5220bWEE 19961 aWeerahandi, Samaradasa.10aExact statistical methods for data analysis /cSamaradasa Weerahandi. aNew York :bSpringer-Verlag,cc1995. axiv, 328 p. :bill. ;c24 cm. aIncludes bibliographical references (p. [316]-324) and index. 0aMathematical statistics.